000
00331nam a2200121Ia 4500
008
230524s9999 xx 000 0 und d
100
_a
"Josef Pieprzyk, Thomas Hardjono, Jennifer Seberry"
245
0
_a
Fundamentals of Computer Security
260
_b
Springer
500
_a
Quantity Number: 10
650
_a
Comp-Sc
942
_c
BK
999
_c
50335
_d
50335